| 000 | 00000nam##2200000za#4500 |
| 001 | 9.569839 |
| 003 | CaOODSP |
| 005 | 20210624181946 |
| 007 | cr ||||||||||| |
| 008 | 150406|2000||||xxc|||||o f|0| 0 eng|d |
| 040 | |aCaOODSP|beng |
| 043 | |an-cn--- |
| 086 | 1 |aNH18-1-2/27-2000E-PDF |
| 110 | 2 |aCanada Mortgage and Housing Corporation. |
| 245 | 10|aProperty insurance on-reserve : |h[electronic resource]|bpresent arrangements, and innovations to reduce the cost / |cby Tony Wellman. |
| 260 | |aOttawa - Ontario : |bCanada Mortgage and Housing Corporation |cMay 2000. |
| 300 | |a58p.|bfig., graphs, tables |
| 490 | 1 |aResearch report |
| 500 | |a"Final report". |
| 504 | |aBibliography. |
| 546 | |a(Résumé en français.) |
| 590 | |a11-25-Supp|b2011-10-31 |
| 720 | 1 |aWellman, Tony |
| 830 | #0|aResearch report (Canada Mortgage and Housing Corporation : Online)|w(CaOODSP)9.506068 |
| 856 | 40|ahttp://publications.gc.ca|qPDF|s989 KB|uhttps://publications.gc.ca/collections/collection_2011/schl-cmhc/nh18-1-2/NH18-1-2-27-2000-eng.pdf |